Investment analysis & portfolio management /
Salvato in:
| Autori principali: | , |
|---|---|
| Natura: | Libro |
| Lingua: | inglese |
| Pubblicazione: |
Boston, MA :
Cengage,
2003
|
| Edizione: | 7th ed. |
| Soggetti: | |
| Tags: |
Aggiungi Tag
Nessun Tag, puoi essere il primo ad aggiungerne!!
|
MARC
| LEADER | 00000cam a2200000 i 4500 | ||
|---|---|---|---|
| 001 | 20237954 | ||
| 003 | MU | ||
| 005 | 20220920043511.0 | ||
| 008 | 180104s2019 mau b 001 0 eng | ||
| 020 | |a 9781305262997 |c Tzs 55,375.54 | ||
| 040 | |a MUL |b eng |e AACR |c MUL | ||
| 042 | |a pcc | ||
| 050 | 0 | 0 | |a HG4521 |b .R396 2019 |
| 082 | |2 22 |a 332.6 REI |b 1 | ||
| 100 | 1 | |a Reilly, Frank K., |e author. | |
| 245 | 1 | 0 | |a Investment analysis & portfolio management / |c Frank K. Reilly, and Keith C. Brown |
| 246 | 3 | |a Investment analysis and portfolio management | |
| 250 | |a 7th ed. | ||
| 264 | 1 | |a Boston, MA : |b Cengage, |c 2003 | |
| 300 | |a xxiii, 786 p. : |c 27 cm |b ill.; | ||
| 336 | |a text |b txt |2 rdacontent | ||
| 337 | |a unmediated |b n |2 rdamedia | ||
| 338 | |a volume |b nc |2 rdacarrier | ||
| 504 | |a Includes bibliographical references (pages 750-761) and index. | ||
| 650 | 0 | |a Portfolio management. | |
| 650 | 0 | |a Investment analysis. | |
| 650 | 0 | |a Investments. | |
| 700 | 1 | |a Brown, Keith C., |e author. | |
| 906 | |a 7 |b cbc |c orignew |d 2 |e epcn |f 20 |g y-gencatlg | ||
| 942 | |2 ddc |c BK |n 0 | ||
| 999 | |c 453 |d 453 | ||